The moonstone / (Record no. 174405)

000 -LEADER
fixed length control field 01543cam a2200373 a 4500
001 - CONTROL NUMBER
control field 12065198
003 - CONTROL NUMBER IDENTIFIER
control field Nust
005 - DATE AND TIME OF LATEST TRANSACTION
control field 20220829160549.0
008 - FIXED-LENGTH DATA ELEMENTS--GENERAL INFORMATION
fixed length control field 000620r19991928enk b 000 1 eng
010 ## - LIBRARY OF CONGRESS CONTROL NUMBER
LC control number 00268677
020 ## - INTERNATIONAL STANDARD BOOK NUMBER
International Standard Book Number 0192100289
040 ## - CATALOGING SOURCE
Original cataloging agency DLC
Transcribing agency DLC
Modifying agency DLC
043 ## - GEOGRAPHIC AREA CODE
Geographic area code e-uk-en
050 00 - LIBRARY OF CONGRESS CALL NUMBER
Classification number PR4494
Item number .M62 1999b
082 00 - DEWEY DECIMAL CLASSIFICATION NUMBER
Classification number 823
Author Mark COL
100 1# - MAIN ENTRY--PERSONAL NAME
Personal name Collins, Wilkie,
Dates associated with a name 1824-1889.
9 (RLIN) 12061
245 14 - TITLE STATEMENT
Title The moonstone /
Statement of responsibility, etc. Wilkie Collins ; edited with an introduction and notes by John Sutherland.
260 ## - PUBLICATION, DISTRIBUTION, ETC.
Place of publication, distribution, etc. Oxford ;
-- New York :
Name of publisher, distributor, etc. Oxford University Press,
Date of publication, distribution, etc. 1999.
300 ## - PHYSICAL DESCRIPTION
Extent lviii, 552 p. ;
Dimensions 20 cm.
490 1# - SERIES STATEMENT
Series statement Oxford world's classics
504 ## - BIBLIOGRAPHY, ETC. NOTE
Bibliography, etc. note Includes bibliographical references (p. [xl]-xxli).
650 #0 - SUBJECT ADDED ENTRY--TOPICAL TERM
Topical term or geographic name entry element Jewelry theft
Form subdivision Fiction.
9 (RLIN) 12070
650 #0 - SUBJECT ADDED ENTRY--TOPICAL TERM
Topical term or geographic name entry element Police
Geographic subdivision England
Form subdivision Fiction.
9 (RLIN) 11890
650 #0 - SUBJECT ADDED ENTRY--TOPICAL TERM
Topical term or geographic name entry element East Indians
Geographic subdivision England
Form subdivision Fiction.
9 (RLIN) 1068
651 #0 - SUBJECT ADDED ENTRY--GEOGRAPHIC NAME
Geographic name England
Form subdivision Fiction.
9 (RLIN) 1072
655 #7 - INDEX TERM--GENRE/FORM
Genre/form data or focus term Mystery fiction.
Source of term gsafd
700 1# - ADDED ENTRY--PERSONAL NAME
Personal name Sutherland, John,
Dates associated with a name 1938-
9 (RLIN) 98639
830 #0 - SERIES ADDED ENTRY--UNIFORM TITLE
Uniform title Oxford world's classics (Oxford University Press)
9 (RLIN) 11781
856 42 - ELECTRONIC LOCATION AND ACCESS
Materials specified Publisher description
Uniform Resource Identifier <a href="http://www.loc.gov/catdir/enhancements/fy0608/00268677-d.html">http://www.loc.gov/catdir/enhancements/fy0608/00268677-d.html</a>
856 42 - ELECTRONIC LOCATION AND ACCESS
Materials specified Contributor biographical information
Uniform Resource Identifier <a href="http://www.loc.gov/catdir/enhancements/fy0723/00268677-b.html">http://www.loc.gov/catdir/enhancements/fy0723/00268677-b.html</a>
906 ## - LOCAL DATA ELEMENT F, LDF (RLIN)
a 7
b cbc
c origcop
d 2
e ncip
f 20
g y-gencatlg
942 ## - ADDED ENTRY ELEMENTS (KOHA)
Source of classification or shelving scheme
Koha item type Book
Holdings
Withdrawn status Lost status Source of classification or shelving scheme Damaged status Not for loan Permanent Location Current Location Shelving location Date acquired Full call number Barcode Date last seen Copy number Price effective from Koha item type Total Checkouts Date last checked out
          Central Library (CL) Central Library (CL) Fiction 01/25/2017 823 COL CL927 01/25/2017 1 01/25/2017 Book    
          Central Library (CL) Central Library (CL) Fiction 07/27/2018 823 COL CL835 08/22/2022 2 07/27/2018 Book 3 08/17/2022
© 2023 Central Library, National University of Sciences and Technology. All Rights Reserved.